|
|
|
|
| LEADER |
01157nam a2200253 a 4500 |
| 001 |
c000119327 |
| 003 |
CARM |
| 005 |
20010423085240.0 |
| 008 |
010404s1952 ur ac b 000 0brusod |
| 019 |
1 |
|
|a 22511096
|5 LACONCORD2021
|
| 035 |
|
|
|a (OCoLC)223048839
|5 LACONCORD2021
|
| 040 |
|
|
|a VU
|b eng
|c VU
|
| 100 |
1 |
|
|a Boguslavskii, A. O.
|q (Aleksandr Osipovich)
|
| 245 |
1 |
0 |
|a A. H. Afinogenov :
|b ocherk khizni i tvorchestva /
|c A.O. Boguslavskii.
|
| 260 |
|
|
|a Moskva :
|b Izd-vo akademii nauk SSSR,
|c 1952.
|
| 300 |
|
|
|a 137 p., [7] leaves of plates :
|b ill., ports. ;
|c 23 cm.
|
| 500 |
|
|
|a At head of title: Akademiia nauk SSSR. Institut mirovoi literatury im. A.M. Gorkogo.
|
| 504 |
|
|
|a Includes bibliographical references.
|
| 600 |
1 |
0 |
|a Afinogenov, A.
|q (Aleksandr),
|d 1904-1941.
|
| 600 |
1 |
0 |
|a Afinogenov, A.
|q (Aleksandr),
|d 1904-1941
|x Criticism and interpretation.
|
| 650 |
|
0 |
|a Dramatists, Russian
|y 20th century
|v Biography.
|
| 852 |
8 |
|
|b CARM
|h A2:AI38B0
|i B04382
|p 0197776
|f BK
|
| 999 |
f |
f |
|i 819691fc-5b86-566a-9fdd-aab4f41ebba2
|s b05c08d9-c58d-5185-b274-23c13548ac81
|
| 952 |
f |
f |
|p Can circulate
|a CAVAL
|b CAVAL
|c CAVAL
|d CARM 1 Store
|e B04382
|f A2:AI38B0
|h Other scheme
|i book
|m 0197776
|